| 000 | 01145cam a22003617a 4500 | ||
|---|---|---|---|
| 001 | 000014897 | ||
| 003 | CHAP | ||
| 005 | 20220817041421.0 | ||
| 008 | 971013s1963 r 00010 d | ||
| 010 | _a13859 | ||
| 011 | _a14831 | ||
| 035 | _a18905 | ||
| 040 | _cCHAP | ||
| 090 | _aFolleto 7773 | ||
| 100 | 0 | 0 |
_aHermesdorf, Rubén. _953749 |
| 245 | 1 | 3 | _aEl crédito a los autores y colaboradores de publicaciones. |
| 260 |
_aMéxico, D. F. : _bInstituto Nacional de Investigaciones Agrícolas, _c1963. |
||
| 300 | _a16 p. | ||
| 490 | 0 |
_aFolleto misceláneo _v; 12 |
|
| 590 |
_aBATCH-UPD _b10 _c20130110 _lUCH01 _h1813 |
||
| 590 |
_aBATCH-UPD _b10 _c20130410 _lUCH01 _h1147 |
||
| 590 |
_aBATCH-UPD _b10 _c20130914 _lUCH01 _h1145 |
||
| 590 |
_aCONVERSION _b10 _c20130109 _lUCH01 _h1309 |
||
| 590 |
_aE11695DGD _b10 _c20150506 _lUCH01 _h1405 |
||
| 650 | 1 | 4 |
_aDerechos de autor _zMéxico. _931915 |
| 830 | 0 |
_aFolleto miscelaneo _v; 12 |
|
| 901 | _aBK | ||
| 942 | _cFOLL | ||
| 942 | _n0 | ||
| 949 |
_bBC _cFOLL _d-43910 _eTS1 _i18905 _mD _si |
||
| 949 |
_bBC _cFOLL _d-43911 _eTS2 _fc.2 _i18905 _mD _si |
||
| 949 |
_bBC _cFOLL _d-43912 _eTS2 _fc.3 _i18905 _mD _si |
||
| 999 |
_c13859 _d13859 |
||